000 00843cam a2200157 4500500
005 20260222001046.0
041 _afre
042 _adc
100 1 0 _aSchumacher, Julio
_eauthor
245 0 0 _aGilles Hieronimus, Gaston Bachelard, Presses universitaires de France, «Que sais-je ?», 2025, 128 páginas, 10 euros. Jean-Jacques Wunenburger, La philosophie de l’imaginaire chez Bachelard, Presses universitaires de France, 2025, 160 páginas, 21 euros.
260 _c2025.
500 _a58
520 _aLa Fundación Louis Vuitton, en París, presenta una retrospectiva de la obra de Gerhard Richter, un panorama completo que abarca sesenta años de creación artística.
786 0 _nÉtudes | 4333 | 1 | 2025-12-30 | p. 132-132
856 4 1 _uhttps://shs.cairn.info/revista-etudes-2026-1-page-132?lang=es&redirect-ssocas=7080
999 _c1664262
_d1664263